00527nam a22001697a 450000500170000001000130001702000230003003500130005303700100006608200160007610000180009224501110011026000410022127000480026230000300031070000170034020110906120010.0 aG-001384 c120.00a8189622331 aG-001384 bGift  a303.6250954 aGhosh, Kunal  aSeparatism in North-East India:cby Kunal Ghosh with Vikas Kumar brole of religion, language and script / aNew Delhi bSuruchi Prakashan c2008 aKeshav Kunj, JhandewalabNew Delhi e110055 axviii, 247p. c23cm(pbk)  aVikas Kumar